| 000 | 00324cam a22000971 4500 | ||
|---|---|---|---|
| 008 | 730309s1920 xx 000 0 eng | ||
| 100 | 1 |
_aThomas, Shipley, _d1892- |
|
| 245 | 1 | 4 |
_aThe history of the A. E. F., _cby Shipley Thomas. |
| 260 |
_aNew York, _bGeorge H. Doran company _c[c1920] |
||
| 650 | 0 |
_aWorld War, 1914-1918 _zUnited States. |
|
| 999 |
_c2070 _d2070 |
||